分類經文彙編 (Record no. 30782)
[ view plain ]
| 000 -LEADER | |
|---|---|
| fixed length control field | 00522nam a2200193Ia 4500 |
| 008 - FIXED-LENGTH DATA ELEMENTS--GENERAL INFORMATION | |
| fixed length control field | 201124s9999||||xx |||||||||||||| ||und|| |
| 020 ## - INTERNATIONAL STANDARD BOOK NUMBER | |
| International Standard Book Number | 964639343 |
| 020 ## - INTERNATIONAL STANDARD BOOK NUMBER | |
| International Standard Book Number | 9780964639348 |
| 041 ## - LANGUAGE CODE | |
| Language code of text/sound track or separate title | chi |
| 050 ## - LIBRARY OF CONGRESS CALL NUMBER | |
| Classification number | BS 429 |
| Item number | .H8 1999 |
| 100 ## - MAIN ENTRY--PERSONAL NAME | |
| Personal name | 黃瑞西 |
| 245 #0 - TITLE STATEMENT | |
| Title | 分類經文彙編 |
| Remainder of title | / |
| Statement of responsibility, etc. | 黃瑞西編著 |
| 246 ## - VARYING FORM OF TITLE | |
| Title proper/short title | 分类经文汇编 |
| 260 ## - PUBLICATION, DISTRIBUTION, ETC. | |
| Place of publication, distribution, etc. | Monterey Park, Calif. : |
| Name of publisher, distributor, etc. | 美國榮主, |
| Date of publication, distribution, etc. | 1999 |
| 300 ## - PHYSICAL DESCRIPTION | |
| Extent | 374 p. |
| Other physical details | ; |
| Dimensions | 15 cm. |
| 650 ## - SUBJECT ADDED ENTRY--TOPICAL TERM | |
| Topical term or geographic name entry element | Bible -- Concordances, Chinese. |
| 650 ## - SUBJECT ADDED ENTRY--TOPICAL TERM | |
| Topical term or geographic name entry element | Bible . |
| Withdrawn status | Lost status | Source of classification or shelving scheme | Damaged status | Not for loan | Home library | Current library | Shelving location | Date acquired | Total Checkouts | Full call number | Barcode | Date last seen | Price effective from | Koha item type | Copy number |
|---|---|---|---|---|---|---|---|---|---|---|---|---|---|---|---|
| Library of Congress Classification | GETS Theological Seminary Library | GETS Theological Seminary Library | Reference | 11/24/2020 | BS429 .H8 1999 | 00018316 | 11/24/2020 | 11/24/2020 | Chinese Book | ||||||
| Library of Congress Classification | GETS Theological Seminary Library | GETS Theological Seminary Library | Reference | 12/21/2020 | BS429 .H8 1999 | 00020354 | 12/21/2020 | 12/21/2020 | Chinese Book | c. 2 |